Cách ăn nói quan họ là chuẩn của một văn hoá Bắc Ninh /

Enregistré dans:
Détails bibliographiques
Auteur principal: Đặng Văn Lung, PGS.PTS.
Format: Article
Langue:Vietnamese
Sujets:
Tags: Ajouter un tag
Pas de tags, Soyez le premier à ajouter un tag!
Thư viện lưu trữ: Thư viện Trường Đại học Đà Lạt
LEADER 00805nam a2200277 4500
001 DLU090079953
005 ##20090619
040 # # |a DLU  |b vie 
041 # # |a vie 
044 # # |a vn 
100 # # |a Đặng Văn Lung,  |c PGS.PTS. 
245 # # |a Cách ăn nói quan họ là chuẩn của một văn hoá Bắc Ninh /  |c Đặng Văn Lung. 
653 # # |a Bản sắc văn hoá 
653 # # |a Bắc Ninh 
653 # # |a Quan họ 
653 # # |a Vùng văn hoá 
773 # # |t Văn hoá Nghệ thuật  |g Số 5(167), 1998, tr. 32-34 
920 # # |a Phòng Tạp chí -- Trung tâm Thông tin - Thư viện Trường Đại học Đà Lạt 
994 # # |a DLU 
900 # # |a True 
911 # # |a Đào Thị Thu Huyền 
925 # # |a G 
926 # # |a A 
927 # # |a BB 
980 # # |a Thư viện Trường Đại học Đà Lạt